Orthodontics : (Record no. 2405)
[ view plain ]
| 000 -LEADER | |
|---|---|
| fixed length control field | 01200pam a2200277 a 4500 |
| 003 - CONTROL NUMBER IDENTIFIER | |
| control field | OSt |
| 005 - DATE AND TIME OF LATEST TRANSACTION | |
| control field | 20220404082621.0 |
| 008 - FIXED-LENGTH DATA ELEMENTS--GENERAL INFORMATION | |
| fixed length control field | 931108s1994 mouaf b 001 0 eng c |
| 020 ## - INTERNATIONAL STANDARD BOOK NUMBER | |
| International Standard Book Number | 0801665906 |
| 040 ## - CATALOGING SOURCE | |
| Transcribing agency | ALUPE UNIVERSITY |
| 050 00 - LIBRARY OF CONGRESS CALL NUMBER | |
| Classification number | RK521 |
| Item number | .G73 1994 |
| 060 00 - NATIONAL LIBRARY OF MEDICINE CALL NUMBER | |
| Classification number | WU 400 O776 1994 |
| 245 00 - TITLE STATEMENT | |
| Title | Orthodontics : |
| Remainder of title | current principles and techniques / |
| Statement of responsibility, etc. | [edited by] Thomas M. Graber, Robert L. Vanarsdall, Jr. |
| 250 ## - EDITION STATEMENT | |
| Edition statement | 2nd ed. |
| 260 ## - PUBLICATION, DISTRIBUTION, ETC. | |
| Place of publication, distribution, etc. | St. Louis : |
| Name of publisher, distributor, etc. | Mosby, |
| Date of publication, distribution, etc. | c1994. |
| 300 ## - PHYSICAL DESCRIPTION | |
| Extent | xii, 965 p., [2] p. of plates : |
| Other physical details | ill. (some col.) ; |
| Dimensions | 29 cm. |
| 500 ## - GENERAL NOTE | |
| General note | "This is actually the fourth version of our graduate text. Starting in 1969 the first two texts were published by W.B. Saunders. The next version by Graber and Swain was published by Mosby-Year Book"--Pref. |
| 504 ## - BIBLIOGRAPHY, ETC. NOTE | |
| Bibliography, etc. note | Includes bibliographical references and index. |
| 650 #0 - SUBJECT ADDED ENTRY--TOPICAL TERM | |
| Topical term or geographic name entry element | Orthodontics. |
| 650 #2 - SUBJECT ADDED ENTRY--TOPICAL TERM | |
| Topical term or geographic name entry element | Orthodontics. |
| 700 1# - ADDED ENTRY--PERSONAL NAME | |
| Personal name | Graber, T. M. |
| Fuller form of name | (Thomas M.), |
| Dates associated with a name | 1917-2007. |
| 700 1# - ADDED ENTRY--PERSONAL NAME | |
| Personal name | Vanarsdall, Robert L. |
| 906 ## - LOCAL DATA ELEMENT F, LDF (RLIN) | |
| a | 7 |
| b | cbc |
| c | orignew |
| d | 1 |
| e | ocip |
| f | 19 |
| g | y-gencatlg |
| 942 ## - ADDED ENTRY ELEMENTS (KOHA) | |
| Source of classification or shelving scheme | |
| Koha item type | Book |
| Suppress in OPAC | PW |
| Withdrawn status | Lost status | Source of classification or shelving scheme | Damaged status | Not for loan | Permanent Location | Current Location | Shelving location | Date acquired | Total Checkouts | Full call number | Barcode | Date last seen | Price effective from | Koha item type | Public note | Source of acquisition | Copy number |
|---|---|---|---|---|---|---|---|---|---|---|---|---|---|---|---|---|---|
| AU LIBRARY | AU LIBRARY | Open Shelf | 09.07.2021 | RK521 .G67 1994 | 28003599 | 09.07.2021 | 09.07.2021 | Book | PW | ||||||||
| AU LIBRARY | AU LIBRARY | Open Shelf | 11.11.2021 | RK521 .G67 1994 C2 | 28004670 | 11.11.2021 | 11.11.2021 | Book | PW | DONATION FROM MOI UNIVERSITY | 2 | ||||||
| AU LIBRARY | AU LIBRARY | Open Shelf | 12.11.2021 | RK521 .G673 1994 | 28004725 | 12.11.2021 | 12.11.2021 | Book | DO | DONATION FROM MOI UNIVERSITY | |||||||
| AU LIBRARY | AU LIBRARY | Open Shelf | 17.03.2022 | RK521 .G673 1994 C4 | 28005852 | 17.03.2022 | 17.03.2022 | Book | SO | 4 | |||||||
| AU LIBRARY | AU LIBRARY | Open Shelf | 31.03.2022 | RK521 .G73 1994 C5 | 28007259 | 31.03.2022 | 31.03.2022 | Book | CM | DONATION FROM MOI UNIVERSITY | 5 | ||||||
| AU LIBRARY | AU LIBRARY | Open Shelf | 04.04.2022 | RK521 .G73 1994 C6 | 28007452 | 04.04.2022 | 04.04.2022 | Book | CM | DONATION FROM MOI UNIVERSITY | 6 |